প্রেমের কবিতাসমগ্র / (Record no. 3520)
[ view plain ]
| 000 -LEADER | |
|---|---|
| fixed length control field | 00631nam a2200217 a 4500 |
| 001 - CONTROL NUMBER | |
| JCCL Control Number | 3520 |
| 003 - CONTROL NUMBER IDENTIFIER | |
| JCCL marc code | BD-JhCC |
| 005 - DATE AND TIME OF LATEST TRANSACTION | |
| control field | 20211111134021.0 |
| 008 - FIXED-LENGTH DATA ELEMENTS--GENERAL INFORMATION | |
| fixed length control field | 171002s19972005bg |||| ||a| 000 0 ben d |
| 035 ## - SYSTEM CONTROL NUMBER | |
| system control number | (BD-JhCC) |
| 040 ## - CATALOGING SOURCE | |
| Original cataloging agency | BD-JhCC |
| Modifying agency | BD-JhCC |
| 041 ## - LANGUAGE CODE | |
| Language code of Book | ben |
| 082 ## - DEWEY DECIMAL CLASSIFICATION NUMBER | |
| Classification number | 891.4415 |
| Author mark and Year | MAH 1997 |
| 100 ## - MAIN ENTRY--PERSONAL NAME | |
| Personal name | মাহমুদ, আল |
| 245 ## - TITLE STATEMENT | |
| Title | প্রেমের কবিতাসমগ্র / |
| Statement of responsibility, etc | আল মাহমুদ |
| 260 ## - PUBLICATION, DISTRIBUTION, ETC. (IMPRINT) | |
| Place of publication, distribution, etc | ঢাকা: |
| Name of publisher, distributor, etc | মাওলা ব্রাদার্স, |
| Date of publication, distribution, etc | ১৯৯৭ |
| 300 ## - PHYSICAL DESCRIPTION | |
| Pagination | ৭৯ p.; |
| Dimensions | 22 cm |
| 650 ## - SUBJECT ADDED ENTRY--TOPICAL TERM | |
| Topical term or geographic name as entry element | Bengali poetry |
| 942 ## - ADDED ENTRY ELEMENTS (KOHA) | |
| Source of classification or shelving scheme | Dewey Decimal Classification |
| Koha item type | Books |
| Koha issues (borrowed), all copies | 2 |
| Source of classification or shelving scheme | Damaged status | Not for loan | Home library | Current library | Date of accession | Cost, normal purchase price | Total Checkouts | Full call number | Barcode | Date last seen | Date checked out | Copy number | Koha item type |
|---|---|---|---|---|---|---|---|---|---|---|---|---|---|
| Dewey Decimal Classification | JCC Rouf Library | JCC Rouf Library | 11/14/2017 | 100.00 | 2 | 891.4415 MAH 1997 | 5234 | 08/01/2024 | 07/27/2024 | C-1 | Books |